Online Catalogue and eLibrary

Sexual violence : (Record no. 2922)

MARC details
000 -LEADER
fixed length control field 00437nam a2200169Ia 4500
005 - DATE AND TIME OF LATEST TRANSACTION
control field 20240603233821.0
008 - FIXED-LENGTH DATA ELEMENTS--GENERAL INFORMATION
fixed length control field 240331s9999 xx 000 0 und d
020 ## - INTERNATIONAL STANDARD BOOK NUMBER
ISBN 0704339102
082 ## - DDC Classification
Item Number - Author Mark SEX
Class No. 362
100 ## - MAIN ENTRY--PERSONAL NAME
Personal name The London rape Crisis
245 #0 - TITLE STATEMENT
Title Sexual violence :
Remainder of title the reality for women
250 ## - EDITION STATEMENT
Edition statement 1 st
260 ## - PUBLICATION, DISTRIBUTION, ETC.
Place of publication, distribution, etc. London
Name of publisher, distributor, etc. The Women's Press Limited
Date of publication, distribution, etc. 1984
300 ## - PHYSICAL DESCRIPTION
Extent (e.g. Volumes, Pages etc.) 144 p.,
650 ## - SUBJECT ADDED ENTRY--TOPICAL TERM
Topical term or geographic name entry element Sexual Violence
942 ## - Koha item type (Biblio)
Koha item type Books in Stacks (Lending)
Holdings
Lost status Damaged status Collection code Home library Current library Shelving location Date acquired Full call number Accession Number Item type
    Lending WERC Library WERC Library Social Science Cupboard 03/31/2024 362.8 SEX 3542 Books in Stacks (Lending)

© WERC Library